000 01688cam a2200157 4500500
005 20260322002430.0
041 _afre
042 _adc
100 1 0 _ade Rosemont, Sophie
_eauthor
245 0 0 _a‘Hut keepers have always adapted to climatic conditions’: adaptation or professional evolution? Mountain hut keepers faced with climate change
260 _c2026.
500 _a23
520 _aThe mountain hut keeper’s job is directly affected by the effects of climate change: water shortages, partial or total destruction of access paths, extreme weather events, etc. However, socio-environmental adaptation strategies are only part of the explanation for changes in working practices. The increasing complexity and multiplication of work tasks is due to various factors external to this professional group. Social and technical evolution in mountain sports (hiking, mountaineering) are generating new demands from users. These emerging needs of users are creating new tensions for the work team. But internal factors also play a major role in the evolution of the profession. In this paper, I will show how climate change is not only a constraint that forces changes in practices. It is also a driver of new ways of approaching the profession, linked to a system of social and ecological values. Thus, the structuring of the activity as a profession and evolution in the profiles of hut keepers are at the root of the emergence of new work practices and organisation.
786 0 _nNatures Sciences Sociétés | 33 | 3 | 2026-03-03 | p. 260-270 | 1240-1307
856 4 1 _uhttps://stm.cairn.info/journal-natures-sciences-societes-2025-3-page-260?lang=en&redirect-ssocas=7080
999 _c1723399
_d1723399